02088cam a22005294i 4500003000900000005001700009008004100026035001800067035001800085040003300103049000900136082002100145100003700166245010800203264004000311300004500351336002100396337002500417338002300442490003400465505018000499526001000679526001000689526000900699526000900708526000900717526000900726526000900735526000900744526000900753526000800762526000800770526000800778526000800786526000800794630005200802700002300854700001900877910001800896942001400914949019000928994001401118596000601132999022501138980005501363952014001418PE-LiUPU20250731165623.0150616s r 000 0 d a(Sirsi) a6157 a(Sirsi) a6157 aPE-LiUPUbspacPE-LiUPUerda aPRUA04a220.602bB972211 aButtrick, George Arthur,eautor.10aPhilippians Colossians Thessalonians Pastoral Epistles Philemon Hebrews.n11 /cGeorge Arthur Buttrick. 1aNashville :bAbingdon Press,c1955. a763 páginas :bIlustraciones ;c25 cm. atext2rdacontent aunmediated2rdamedia avolume2rdacarrier0 aThe Interpreter's Bible ;v110 aThe epistle to the Philippians -- The epistleto the Colossians -- The first and second epistles to the Thesssalonians -- The epistle to Philemon -- The epistle to the Hebrews. aSEG44 aSEG26 aP151 aP150 aP149 aP146 aP145 aP126 aP125 aP92 aP75 aP74 aP27 aP15 aBiblia.pN.T.pFilipenses-HebreosxComentarios.1 aRussell B., Walter1 aScherer, Paul. ajckbjvqcjck 2ddccBOOK aRC 220.602 B97 11wDEWEYc1i08209lRCmBULr0sYtBOOKu2015-6-16xTEOLOGIAzUNKNOWN0COMPRAo.CIRCNOTE. No olvidar cambiar la fecha de devolución!!!!!!!o.STAFF. Colección General aC0bPEPRU a1 aRC 220.602 B97 11wDEWEYc57260i08209d57260f2021-11-8g6lCCODEBUL1mBULq1r1sYtBOOKu2015-6-16xTEOLOGIAzUNKNOWN0COMPRAo.CIRCNOTE. No olvidar cambiar la fecha de devolución!!!!!!!o.STAFF. Colección General 81gALBERTO SANCHEZ Responsable de Automatización r2025-12-02 00:00:00i7l0oRC 220.602 B97 11p08209te1w2015-06-16xFTyREF102ddc50718REFfP35aBULbBULcREFd2015-06-16eCOMPRA